| 000 | 00639nam a2200193Ia 4500 | ||
|---|---|---|---|
| 003 | GCL | ||
| 008 | 140319s9999 xx 000 0 ara d | ||
| 040 |
_aGCL / _cGCL |
||
| 082 | 0 | 4 |
_a379.1 _bل ت |
| 100 | 1 | _aلبيب على الجمال | |
| 245 | 1 | 0 |
_aتأمين مستقبل الطلبه فى مصر والعالم / _cلبيب على الجمال |
| 300 | _a130 ص | ||
| 490 |
_aالهيئة العامة للاستعلامات _v0 |
||
| 650 | 0 | 4 | _aالطلبة المصريون |
| 650 | 0 | 4 | _aالطلبة - تشغيل |
| 650 | 0 | 4 | _aالطلبة - حقوق |
| 650 | 0 | 4 | _aالطلبة - مساعدات مالية |
| 942 |
_2ddc _cBK |
||
| 999 |
_c47306 _d47306 |
||